| 000 | 00798cam a2200253 4500 | ||
|---|---|---|---|
| 999 |
_c128827 _d128827 |
||
| 001 | 1716645 | ||
| 003 | ARRUPE | ||
| 005 | 20190125104301.0 | ||
| 008 | 730712s1972 nyua b 001 0 eng | ||
| 010 | _a 72089569 | ||
| 040 |
_aDLC _cDLC _dDLC |
||
| 050 | 0 | 0 |
_aSPC. GN281 _b.E33 |
| 082 | 0 | 0 | _a573.3 |
| 100 | 1 |
_aEdey, Maitland A. _q(Maitland Armstrong), _d1910-1992. _944188 |
|
| 245 | 1 | 4 |
_aThe missing link, _cby Maitland A. Edey and the editors of Time-Life Books. |
| 260 |
_aNew York, _bTime-Life Books _c[1972] |
||
| 300 |
_a160 p. _billus. _c27 cm. |
||
| 490 | 0 | _aThe Emergence of man | |
| 504 | _aBibliography: p. 153. | ||
| 650 | 0 |
_aHuman evolution. _944189 |
|
| 650 | 0 |
_aHominids. _944190 |
|
| 710 | 2 |
_aTime-Life Books. _926560 |
|
| 906 |
_a7 _bcbc _corignew _d2 _eopcn _f19 _gy-gencatlg |
||
| 942 |
_2lcc _cSPC |
||